• 首页
  • 本馆介绍
  • 公告通知
  • 最新文献
  • 馆藏检索
  • 电子资源
  • 读者导购
  • 参考咨询
  • 我的图书馆
  • 登录
  • 详细信息显示
  • 放入我的书架
  • 预约/预借图书
  • 作者相关作品
  • 分类相关作品
  • 丛书相关作品
  • 出版社相关作品

书目信息

  • 表格格式
  • 工作单格式
  • 卡片格式
题名:
苏修推行新殖民主义的工具“经互会”
    
 
作者: 王文修 编译
分册:  
出版信息: 北京   三联书店  1978
页数: 314页
开本: 19cm
丛书名:
单 册:
中图分类: F116.5
科图分类:
主题词:
电子资源:
ISBN:
000 00677nam0 2200241 45
001 0178001642
005 20060817152204.09
010    @dCNY0.80
091    @aCN@b4002.261
100    @a19950714d1978 em y0chiy0121 ea
101 1  @achi
102    @aCN@b110000
105    @ay z 000yy
200 10 @a苏修推行新殖民主义的工具“经互会”@Asu xiu tui xing xin zhi min zhu yide gong ju jing hu hui@f王文修等编译
210    @a北京@c三联书店@d1978
215    @a314页@d19cm
300    @a内部发行
601 02 @a经济互助委员会@x研究资料
610 0  @a经互会
690    @aF116.5@v3
701  0 @a王文修@Awang wen xiu@4编译
801  0 @aCN@bTSSF@c20060817
905    @a10447@dF116.5@e97
    
    苏修推行新殖民主义的工具“经互会”/王文修等编译.-北京:三联书店,1978
    314页;19cm
    内部发行
    
    ISBN :CNY0.80
    
●
相关链接 在E读中查询图书 在五车中查询图书 在当当中查询图书 在豆瓣中查询图书


正题名:苏修推行新殖民主义的工具"经互会"     索取号:F116.5/97         预约/预借

序号 登录号 条形码 馆藏地/架位号 状态 备注
1 0465393   204653936   密集书库/ [索取号:F116.5/97] 在馆    
唐山师范学院图书馆 欢迎您!
大连网信软件有限公司© 版权所有